ARRUPE JESUIT UNIVERSITY

CORONAVIRUS -STOP THE SPREAD - CLEAN,DISINFECT,COVER

One world (Record no. 61779)

MARC details
000 -LEADER
fixed length control field 00559nam a2200217Ia 4500
003 - CONTROL NUMBER IDENTIFIER
control field 0100
005 - DATE AND TIME OF LATEST TRANSACTION
control field 20140522124459.0
008 - FIXED-LENGTH DATA ELEMENTS--GENERAL INFORMATION
fixed length control field 130303s9999 xx 000 0 und d
040 ## - CATALOGING SOURCE
Transcribing agency ARRUPELIB
050 ## - LIBRARY OF CONGRESS CALL NUMBER
Classification number JZ1318.S583 2004
300 ## - PHYSICAL DESCRIPTION
Other physical details 235p. 20cm.
100 ## - MAIN ENTRY--PERSONAL NAME
Personal name Singer, Peter
9 (RLIN) 10308
245 ## - TITLE STATEMENT
Title One world
245 ## - TITLE STATEMENT
Remainder of title the ethics of globalization
260 ## - PUBLICATION, DISTRIBUTION, ETC. (IMPRINT)
Place of publication, distribution, etc New Haven And London
260 ## - PUBLICATION, DISTRIBUTION, ETC. (IMPRINT)
Name of publisher, distributor, etc Yale University Press
300 ## - PHYSICAL DESCRIPTION
Extent xxv
650 ## - SUBJECT ADDED ENTRY--TOPICAL TERM
Topical term following geographic name as entry element Thomas Aquinas, St - Ethics
9 (RLIN) 10309
650 ## - SUBJECT ADDED ENTRY--TOPICAL TERM
Location of event Ethics
9 (RLIN) 10310
942 ## - ADDED ENTRY ELEMENTS (KOHA)
Source of classification or shelving scheme Library of Congress Classification
Koha item type Monograph ( Printed materials)
Holdings
Withdrawn status Lost status Source of classification or shelving scheme Damaged status Not for loan Collection code Home library Current library Shelving location Date acquired Total Checkouts Full call number Barcode Date last seen Date checked out Copy number Price effective from Koha item type
    Library of Congress Classification     Main Collection ARRUPE LIBRARY ARRUPE LIBRARY   05/03/2013 1 JZ1318.S483 2004 46003094783 11/03/2019 25/02/2019 1 05/03/2013 Monograph ( Printed materials)

 

Arrupe Library. PO Box MP320 Mt Pleasant, Harare, Zimbabwe
263 242 745411|librarian@aju.ac.zw